Online Catalogue and eLibrary

Samajeeya - Manaveeya Vidya Paryeshana : (Record no. 5748)

MARC details
000 -LEADER
fixed length control field 00564nam a2200181Ia 4500
005 - DATE AND TIME OF LATEST TRANSACTION
control field 20250519023517.0
008 - FIXED-LENGTH DATA ELEMENTS--GENERAL INFORMATION
fixed length control field 240331s9999 xx 000 0 und d
020 ## - INTERNATIONAL STANDARD BOOK NUMBER
ISBN 9789551772512
082 ## - DDC Classification
Item Number - Author Mark UYA
Class No. 301
100 ## - MAIN ENTRY--PERSONAL NAME
Personal name Uyangoda, J
245 #0 - TITLE STATEMENT
Title Samajeeya - Manaveeya Vidya Paryeshana :
Remainder of title Dhrshanika Saha Kremavedi Hedinveemak
260 ## - PUBLICATION, DISTRIBUTION, ETC.
Place of publication, distribution, etc. Colombo
Name of publisher, distributor, etc. Social Scientist Association
Date of publication, distribution, etc. 2010
300 ## - PHYSICAL DESCRIPTION
Extent (e.g. Volumes, Pages etc.) 386 p .,
650 ## - SUBJECT ADDED ENTRY--TOPICAL TERM
Topical term or geographic name entry element Sociology - Research Methods
650 ## - SUBJECT ADDED ENTRY--TOPICAL TERM
Topical term or geographic name entry element Anthropology - Research Methods
650 ## - SUBJECT ADDED ENTRY--TOPICAL TERM
Topical term or geographic name entry element Political Science - Research Methods
942 ## - Koha item type (Biblio)
Koha item type Books in Stacks (Lending)
Holdings
Lost status Damaged status Collection code Home library Current library Shelving location Date acquired Full call number Accession Number Item type
    Lending WERC Library WERC Library Social Science Cupboard 03/31/2024 301 UYA 6687 Books in Stacks (Lending)

© WERC Library